| 000 | 01057nam a2200313 i 4500 | ||
|---|---|---|---|
| 001 | 57678 | ||
| 003 | CO-BoRNBP | ||
| 005 | 20250722152438.0 | ||
| 007 | ta | ||
| 008 | 121119s2003 ck a gs 000 0 spa d | ||
| 020 | _a9589289118 | ||
| 040 |
_aCO-BoRNBP _bspa _cCO-BoRNBP _erda |
||
| 041 | 0 | _aspa | |
| 082 | 0 | 4 |
_a461.152 _bS27c |
| 084 | _aRES00670 | ||
| 100 | 1 |
_aSerna M., J. Alberto, _d1932 _eautor _961275 |
|
| 245 | 1 | 0 |
_aCómo mejorar la ortografía y enriquecer el vocabulario, mediante el estudio de las voces homófonas y los sustantivos ambiguos _cJ. Alberto Serna M |
| 250 | _aPrimera edición | ||
| 264 | 1 |
_aBogotá _bIdioma _c2003 |
|
| 300 |
_a200 páginas _bilustraciones _c24 cm |
||
| 336 |
_atexto _btxt _2rdacontent |
||
| 337 |
_asin mediación _bn _2rdamedia |
||
| 338 |
_avolumen _bnc _2rdacarrier |
||
| 490 | 0 | _aLexicografía, ortografía y redacción | |
| 650 | 1 | 4 |
_aEspañol _xGramática _2LEMB _961276 |
| 650 | 1 | 4 |
_aEspañol _xHomónimos _vManuales _2LEMB _961277 |
| 650 | 1 | 4 |
_aEspañol _xOrtografía _2LEMB _961278 |
| 942 |
_2ddc _cBK |
||
| 999 |
_c57678 _d57678 |
||